000 00825nam a22002651 4500
999 _c329961
_d329961
001 2173673
003 NUST
005 20170601154324.0
008 711108s1966 pk b 000 0 eng
010 _asa 68000981
025 _aPL480:P-E-1218
040 _aDLC
_cDLC
_dDLC
043 _aa-ii---
050 0 0 _aJQ211
_b.Q7
082 _a954.025
100 1 _aQureshi, Ishtiaq Husain.
_91844
245 1 4 _aThe administration of the Mughul Empire.
260 _a[Karachi]
_bUniversity of Karachi,
_c1966.
300 _a340 p.
_c23 cm.
350 _aRs20
_a$8
490 0 _aPublications of the University of Karachi
500 _aIncludes passages in Arabic.
504 _aBibliography: p. [297]-309.
651 0 _aMogul Empire
_xPolitics and government.
_91845
906 _a7
_bcbc
_corignew
_du
_encip
_f19
_gy-gencatlg
942 _2ddc
_cBK